| 000 | 01380cam a2200241 4500 | ||
|---|---|---|---|
| 005 | 20250715121405.0 | ||
| 008 | 031001s2001 ag 000 0 spa u | ||
| 020 | _a9506792992 | ||
| 050 | 0 | 4 |
_aKHA965 _bD47 2001 |
| 245 | 0 | 0 |
_aDerecho y reparación de daños _b : tendencia jurisprudencial anotada y sistematizada _bDaño al medio ambiente y al sistema ecológico, responsabilidad civil, administrativa y penal / _c / Carlos A. Ghersi, director, ; autor Francisco Costa,...[et al.] |
| 250 | _a1a ed. | ||
| 260 |
_aBuenos Aires : _bEditorial Universidad, _c2001 |
||
| 300 |
_av. ; _c23 cm. |
||
| 505 | 1 | _tT.3 Daño al medio ambiente y al sistema ecológico, Responsabilidad civil, administrativa y penal, Defensa del consumidor y del medio ambiente, Defensor del pueblo, acción de amparo y de clase, Asociaciones ecológicas e intereses difusos, contaminación sonora e impacto ambiental, Delincuencia ecológica: responsabilidad de los directores de personas jurídicas, Responsabilidad internacional de los Estados: protección en el derecho comparado. | |
| 650 | 7 |
_aDaños y perjuicios _zArgentina |
|
| 650 | 4 |
_aAgravios _zArgentina |
|
| 700 | 1 |
_aGhersi, Carlos A., _edirector |
|
| 700 | 1 |
_aCosta, Fracisco, _eautor |
|
| 700 | 1 |
_aCáceres, Juan, _eautor |
|
| 700 | 1 |
_aBayugar, Martín, _eautor |
|
| 700 | 1 |
_aGhersi, Sebastián, _eautor |
|
| 942 |
_2lcc _cLIB |
||
| 999 |
_c133799 _d133799 |
||